000 00937cam a2200253 a 4500
001 14625570
005 20180814083155.0
008 061106s2008 maua 001 0 eng
010 _a 2006036715
020 _a9780073129037 (alk. paper)
020 _a0073129038 (alk. paper)
035 _a(OCoLC)ocm76141176
035 _a(OCoLC)76141176
040 _aDLC
_cDLC
_dYDX
_dBAKER
_dBTCTA
_dDLC
041 _aeng
080 _a658.4032 HILL
082 0 0 _a658.4032 HILL
_222
100 1 _a53
101 _aMEN
245 1 0 _aIntroduction to management science :
_cFrederick S. Hillier, Mark S. Hillier ; Cases developed by Karl Schmedders, Molly Stephens.
906 _a7
_bcbc
_corignew
_d1
_eecip
_f20
_gy-gencatlg
942 _2ddc
_cBK
999 _c47157
_d47157